[Event "Titled Tuesday intern op 18th Jun Early"]
[Site "Chess.com INT"]
[Date "2024.06.18"]
[Round "7"]
[White "Manolache, Marius"]
[Black "Larina, Marija"]
[Result "1-0"]
[WhiteElo "2388"]
[BlackElo "1969"]
[PlyCount "163"]
[EventDate "2024.06.18"]
[EventType "swiss (blitz)"]
[EventRounds "11"]
[EventCountry "USA"]
[SourceTitle "EXT 2025"]
[Source "ChessBase"]
[SourceDate "2024.10.14"]
[SourceVersion "1"]
[SourceVersionDate "2024.10.14"]
[SourceQuality "1"]

1. e4 c6 2. d4 d5 3. exd5 cxd5 4. Bd3 Nc6 5. c3 e5 6. dxe5 Nxe5 7. Bb5+ Nc6 8. Nf3 Bd6 9. Qxd5 Nge7 10. Qd1 0-0 11. 0-0 a6 12. Be2 Qc7 13. Nbd2 Bf5 14. Nc4 Bc5 15. Be3 Rad8 16. Qc1 Bxe3 17. Nxe3 Be4 18. Nd2 Bg6 19. b3 b5 20. Qb2 Ne5 21. Nf3 Nd3 22. Bxd3 Rxd3 23. c4 bxc4 24. bxc4 Rb8 25. Qe5 Rc8 26. Qxc7 Rxc7 27. Ne5 Rd2 28. Rfd1 Rxd1+ 29. Rxd1 h6 30. Nxg6 Nxg6 31. Rd6 Ne5 32. Rxa6 Nxc4 33. Nxc4 Rxc4 34. g3 Rc1+ 35. Kg2 Ra1 36. a4 Kh7 37. a5 g6 38. h4 Kg7 39. Kf3 h5 40. Ra7 Ra4 41. a6 Ra3+ 42. Ke2 Ra5 43. Ra8 Ra2+ 44. Kf3 Ra4 45. Kg2 Ra3 46. a7 Ra2 47. Kf3 Ra3+ 48. Ke4 Ra4+ 49. Kd5 Ra5+ 50. Kc6 Ra2 51. f3 Ra3 52. g4 hxg4 53. fxg4 Ra1 54. h5 Rc1+ 55. Kd5 Rd1+ 56. Ke5 Ra1 57. h6+ Kh7 58. Kf6 Rf1+ 59. Ke7 Ra1 60. Kxf7 Rf1+ 61. Ke6 Re1+ 62. Kf6 Rf1+ 63. Kg5 Ra1 64. Kf4 Ra4+ 65. Ke5 Ra6 66. g5 Ra5+ 67. Kd6 Ra6+ 68. Kc7 Ra1 69. Kd7 Rc1 70. Ke6 Re1+ 71. Kd5 Rd1+ 72. Ke4 Ra1 73. Kd5 Ra4 74. Re8 Ra5+ 75. Kd6 Rxa7 76. Re7+ Rxe7 77. Kxe7 Kg8 78. Kf6 Kh7 79. Kf7 Kh8 80. Kxg6 Kg8 81. Kf6 Kf8 82. h7 1-0

[Event "Titled Tuesday intern op 18th Jun Late"]
[Site "Chess.com INT"]
[Date "2024.06.18"]
[Round "2"]
[White "Manolache, Marius"]
[Black "Ruiz Aguilar, Pablo Alexander"]
[Result "1-0"]
[WhiteElo "2388"]
[BlackElo "2201"]
[PlyCount "147"]
[EventDate "2024.06.18"]
[EventType "swiss (blitz)"]
[EventRounds "11"]
[EventCountry "USA"]
[SourceTitle "EXT 2025"]
[Source "ChessBase"]
[SourceDate "2024.10.14"]
[SourceVersion "1"]
[SourceVersionDate "2024.10.14"]
[SourceQuality "1"]

1. e4 c5 2. Nc3 Nc6 3. Bb5 Nd4 4. Nf3 g6 5. Nxd4 cxd4 6. Ne2 Bg7 7. 0-0 e6 8. c3 dxc3 9. dxc3 Ne7 10. Bf4 0-0 11. Bd6 Re8 12. Qd2 a6 13. Ba4 b5 14. Bc2 Bb7 15. Rad1 Nc6 16. f4 b4 17. Kh1 bxc3 18. Nxc3 Nd4 19. Ba4 Bc6 20. Be5 Bxe5 21. fxe5 Bxa4 22. Nxa4 Nc6 23. Qf4 Qe7 24. Nb6 Rad8 25. Rd6 h5 26. Rfd1 g5 27. Qg3 h4 28. Qc3 Nb8 29. Qc7 Qf8 30. Nxd7 Nxd7 31. Rxd7 Rxd7 32. Qxd7 Rb8 33. b3 Qc8 34. Qe7 Qc2 35. Qxg5+ Kf8 36. Qh6+ Kg8 37. Qg5+ Kf8 38. Rc1 Qxe4 39. h3 a5 40. Rc7 Re8 41. Qh6+ Kg8 42. Qg5+ Kf8 43. Rc4 Qe1+ 44. Kh2 Qg3+ 45. Qxg3 hxg3+ 46. Kxg3 Rd8 47. Rc5 Rd3+ 48. Kh2 a4 49. bxa4 Ra3 50. Ra5 Kg7 51. Ra8 Rxa2 52. a5 Ra4 53. a6 Ra5 54. a7 Ra6 55. Kg3 Ra4 56. Kf3 Ra3+ 57. Kg4 Ra4+ 58. Kh5 Ra5 59. Kg4 Ra4+ 60. Kg3 Ra3+ 61. Kh2 Ra2 62. h4 Ra4 63. Kh3 Ra3+ 64. g3 Ra4 65. h5 Ra3 66. Kh4 Ra4+ 67. g4 Ra5 68. Kg3 Ra4 69. h6+ Kh7 70. Kh4 Ra5 71. Rf8 Kxh6 72. a8Q Rxa8 73. Rxa8 Kg7 74. Kg5 1-0

[Event "Titled Tuesday intern op 18th Jun Late"]
[Site "Chess.com INT"]
[Date "2024.06.18"]
[Round "1"]
[White "Ozen, Batuhan"]
[Black "Manolache, Marius"]
[Result "1-0"]
[WhiteElo "2128"]
[BlackElo "2388"]
[PlyCount "69"]
[EventDate "2024.06.18"]
[EventType "swiss (blitz)"]
[EventRounds "11"]
[EventCountry "USA"]
[SourceTitle "EXT 2025"]
[Source "ChessBase"]
[SourceDate "2024.10.14"]
[SourceVersion "1"]
[SourceVersionDate "2024.10.14"]
[SourceQuality "1"]

1. Nf3 Nf6 2. c4 g6 3. g3 Bg7 4. Bg2 c5 5. 0-0 0-0 6. Nc3 Nc6 7. Rb1 d6 8. d3 e5 9. a3 a5 10. Ne1 Be6 11. Nc2 d5 12. cxd5 Nxd5 13. Ne3 Nc7 14. Ne4 Qe7 15. Nc4 Rad8 16. Qe1 b5 17. Nxa5 Nd4 18. Be3 Nd5 19. Bxd4 exd4 20. Nc6 Qc7 21. Nxd8 Rxd8 22. Rc1 c4 23. Ng5 Bf5 24. dxc4 bxc4 25. Bxd5 Rxd5 26. Qb4 Rc5 27. Nf3 Be4 28. Rfd1 d3 29. Rxd3 Bxd3 30. exd3 c3 31. bxc3 Bxc3 32. Qf4 Qc6 33. Ng5 f6 34. Ne4 Be5 35. Rxc5 1-0

[Event "Titled Tuesday intern op 18th Jun Early"]
[Site "Chess.com INT"]
[Date "2024.06.18"]
[Round "11"]
[White "Skaric, Djuro"]
[Black "Manolache, Marius"]
[Result "0-1"]
[WhiteElo "2277"]
[BlackElo "2388"]
[PlyCount "80"]
[EventDate "2024.06.18"]
[EventType "swiss (blitz)"]
[EventRounds "11"]
[EventCountry "USA"]
[SourceTitle "EXT 2025"]
[Source "ChessBase"]
[SourceDate "2024.10.14"]
[SourceVersion "1"]
[SourceVersionDate "2024.10.14"]
[SourceQuality "1"]

1. g3 Nf6 2. Bg2 g6 3. d3 c5 4. Nf3 Bg7 5. 0-0 Nc6 6. h3 0-0 7. Nc3 e5 8. e4 d6 9. Ne1 Nd4 10. f4 exf4 11. Bxf4 Nh5 12. Nd5 Ne6 13. c3 Nexf4 14. gxf4 f5 15. Nf3 Be6 16. Ng5 Qd7 17. Nxe6 Qxe6 18. exf5 Rxf5 19. Qg4 Nf6 20. Nxf6+ Qxf6 21. Be4 Rh5 22. Rf3 Rf8 23. Raf1 Bh6 24. Bxb7 Rh4 25. Qg2 Bxf4 26. Qf2 g5 27. Bd5+ Kh8 28. Qg2 Qf5 29. Be4 Qf6 30. R1f2 Qe5 31. d4 Qxe4 32. dxc5 dxc5 33. Re2 Qd5 34. Kh1 Rh6 35. b3 Re6 36. Ref2 Re1+ 37. Rf1 Rxf1+ 38. Qxf1 Re8 39. h4 Re3 40. Kg2 g4 0-1